00502nam a2200181Ia 4500003000500000008004100005020001800046040001900064082000700083100001600090245002100106260003200127300000800159546001200167942001200179999001700191952011200208STCL181203s9999 xx 000 0 und d a9788175993327 aSTCLbENcSTCL 222 aKolby, Jeff 0aGRE: Prep Course bNova PressaNew Delhic2017 a614 aEnglish 2ddccBK c86356d86356 00102ddc4070aSTCALbSTCALcGENd2018-12-03l0o378.16 KOL-Gp94950r2018-12-03 00:00:00w2018-12-03yBK